ArtNexus/ (Record no. 3611)

MARC details
000 -LEADER
campo de control de longitud fija 01513nam a22004217a 4500
003 - IDENTIFICADOR DE NÚMERO DE CONTROL
campo de control OSt
005 - FECHA Y HORA DE LA ÚLTIMA TRANSACCIÓN
campo de control 20230518085349.0
008 - DATOS DE LONGITUD FIJA--INFORMACIÓN GENERAL
campo de control de longitud fija 221006b |||||||| |||| 00| 0 eng d
040 ## - FUENTE DE CATALOGACIÓN
Centro/agencia transcriptor Biblioteca Lado V
082 ## - NÚMERO DE LA CLASIFICACIÓN DECIMAL DEWEY
Número de clasificación 701.1
Número de ítem S744a
100 ## - ENTRADA PRINCIPAL--NOMBRE DE PERSONA
9 (RLIN) 795
Nombre de persona Srendni de Birbragher, Celia
Término indicativo de función/relación editora
-- directora
245 ## - MENCIÓN DEL TÍTULO
Título ArtNexus/
260 ## - PUBLICACIÓN, DISTRIBUCIÓN, ETC.
Nombre del editor, distribuidor, etc. Asociación de Revistas Culturales
Fecha de publicación, distribución, etc. 2019
Lugar de publicación, distribución, etc. Canada
-- America Latina
-- Brasil
300 ## - DESCRIPCIÓN FÍSICA
Dimensiones 24x30cm
Extensión 119p.
366 ## - INFORMACIÓN SOBRE DISPONIBILIDAD COMERCIAL
Nota spa
490 ## - MENCIÓN DE SERIE
Mención de serie 114
Designación de volumen o secuencia 18
Número Internacional Normalizado para Publicaciones Seriadas 0120 713 X
505 ## - NOTA DE CONTENIDO CON FORMATO
Título Jose Davila
505 ## - NOTA DE CONTENIDO CON FORMATO
Título La Bienal de Venecia de 2019
505 ## - NOTA DE CONTENIDO CON FORMATO
Título Adan Vallecillo
505 ## - NOTA DE CONTENIDO CON FORMATO
Título La Bienal de Whitney de 2019
505 ## - NOTA DE CONTENIDO CON FORMATO
Título Diego Bianchi
505 ## - NOTA DE CONTENIDO CON FORMATO
Título Fotografia
Nota de contenido con formato Nuevos Fotolibros Colombianos
505 ## - NOTA DE CONTENIDO CON FORMATO
Título Exposiciones
Nota de contenido con formato Limal de Leandro Erlich<br/><br/>Beatriz Gonzalez <br/><br/>Artur Lescher
505 ## - NOTA DE CONTENIDO CON FORMATO
Título Crónicas Individuales
505 ## - NOTA DE CONTENIDO CON FORMATO
Título Colectivas
505 ## - NOTA DE CONTENIDO CON FORMATO
Título Guía de Galerías y Museos
505 ## - NOTA DE CONTENIDO CON FORMATO
Título Reseña de libros
505 ## - NOTA DE CONTENIDO CON FORMATO
Título LIbros y Catalogos
505 ## - NOTA DE CONTENIDO CON FORMATO
Título Libros para la Venta
650 ## - PUNTO DE ACCESO ADICIONAL DE MATERIA--TÉRMINO DE MATERIA
Fuente del encabezamiento o término Tesauro de Arte & Arquitectura
Término de materia o nombre geográfico como elemento de entrada ARTE
9 (RLIN) 703
650 ## - PUNTO DE ACCESO ADICIONAL DE MATERIA--TÉRMINO DE MATERIA
Fuente del encabezamiento o término Tesauro de Arte & Arquitectura
Término de materia o nombre geográfico como elemento de entrada EXPOSICIONES
650 ## - PUNTO DE ACCESO ADICIONAL DE MATERIA--TÉRMINO DE MATERIA
Fuente del encabezamiento o término Tesauro de Arte & Arquitectura
Término de materia o nombre geográfico como elemento de entrada BIENAL
650 ## - PUNTO DE ACCESO ADICIONAL DE MATERIA--TÉRMINO DE MATERIA
Fuente del encabezamiento o término Tesauro de Arte & Arquitectura
Término de materia o nombre geográfico como elemento de entrada APRECIACION
650 ## - PUNTO DE ACCESO ADICIONAL DE MATERIA--TÉRMINO DE MATERIA
Fuente del encabezamiento o término Tesauro de Arte & Arquitectura
Término de materia o nombre geográfico como elemento de entrada TEORIA
650 ## - PUNTO DE ACCESO ADICIONAL DE MATERIA--TÉRMINO DE MATERIA
Fuente del encabezamiento o término Tesauro de Arte & Arquitectura
Término de materia o nombre geográfico como elemento de entrada CRITICA
650 ## - PUNTO DE ACCESO ADICIONAL DE MATERIA--TÉRMINO DE MATERIA
Fuente del encabezamiento o término Tesauro de Arte & Arquitectura
Término de materia o nombre geográfico como elemento de entrada FOTOGRAFIA
9 (RLIN) 702
942 ## - ELEMENTOS DE ENTRADA SECUNDARIOS (KOHA)
Fuente del sistema de clasificación o colocación Clasificación Decimal Dewey
Tipo de ítem Koha Libros
Parte de la signatura que corresponde a la clasificación (Parte de la clasificación) 701.1
Parte de la signatura que identifica el ejemplar (Parte del ítem) S744a
Suprimir en OPAC No
Holdings
Estatus retirado Estado de pérdida Fuente del sistema de clasificación o colocación Especificación de materiales (volumen encuadernado u otra parte) Estado de daño No para préstamo Colección Biblioteca de origen Biblioteca actual Fecha de adquisición Enumeración/cronología de publicación seriada Número de inventario Total de préstamos Signatura topográfica completa Código de barras Visto por última vez Precio de reemplazo Tipo de ítem Koha
    Clasificación Decimal Dewey 18     Revistas Biblioteca LadoV Biblioteca LadoV 18/05/2023 114 002783   708 M595c 002783 18/05/2023 18/05/2023 Libros